000
00328nam a2200145Ia 4500
100
_a
Lester/R.H/ Enrick/N.L
942
_c
RB
654
_a
Quality Control
245
_a
Quality Control for Profit
260
_b
Marcel Dekker
_a
New York
_c
1985
082
_a
658.5
_b
Les/Enr
300
_a
475
546
_a
ENGLISH
999
_c
19074
_d
19074